[Event "80. Francia ch femenino"]
[Site "Chartres FRA"]
[Date "2005.08.25"]
[Round "10.2"]
[White "Wohlers-Armas, Friederike"]
[Black "Lallemand, Roza"]
[Result "0-1"]
[WhiteElo "2153"]
[BlackElo "2287"]
[PlyCount "94"]
[EventDate "2005.08.15"]
[EventType "tourn"]
[EventRounds "11"]
[EventCountry "FRA"]
[Source "lmi"]
[SourceDate "2005.08.28"]

1. d4 Nf6 2. c4 d6 3. Nc3 Nbd7 4. e4 e5 5. d5 g6 6. Be3 Bg7 7. f3 O-O 8. Qd2
Ne8 9. g4 Qh4+ 10. Bf2 Qe7 11. O-O-O f5 12. gxf5 gxf5 13. exf5 Nc5 14. Ne4 Bxf5
15. Nxc5 dxc5 16. Bd3 Bxd3 17. Qxd3 e4 18. Qe2 Qf6 19. Bxc5 exf3 20. Qe6+ Qxe6
21. dxe6 Nd6 22. Nh3 Rae8 23. Bxd6 cxd6 24. Rxd6 Be5 25. Rd3 Rxe6 26. Rf1 Ref6
27. Rf2 Bd6 28. a3 a5 29. Kc2 Bc5 30. Rf1 h6 31. Kc3 a4 32. Ng1 f2 33. Ne2 Re8
34. Kd2 Rb6 35. Nd4 Bxd4 36. Rxd4 Rxb2+ 37. Kc3 Re1 38. Rd1 Rxd1 39. Rxd1 Rb3+
40. Kd4 Rxa3 41. Rf1 Rf3 42. Ke4 Rf7 43. Kd3 a3 44. Kc3 Kg7 45. c5 Rf3+ 46. Kb4
a2 47. Kb5 a1=Q 0-1

[Event "80. Francia ch femenino"]
[Site "Chartres FRA"]
[Date "2005.08.25"]
[Round "10.3"]
[White "Fruteau, Sabine"]
[Black "Flear, Christine"]
[Result "1/2-1/2"]
[WhiteElo "2133"]
[BlackElo "2242"]
[PlyCount "23"]
[EventDate "2005.08.15"]
[EventType "tourn"]
[EventRounds "11"]
[EventCountry "FRA"]
[Source "lmi"]
[SourceDate "2005.08.28"]

1. e4 c5 2. Nc3 e6 3. g3 Nc6 4. Bg2 g6 5. d3 Bg7 6. Be3 d6 7. Qd2 Nd4 8. Nge2
Qa5 9. Bxd4 cxd4 10. Nd1 Qxd2+ 11. Kxd2 Ne7 12. c3 1/2-1/2

[Event "80. Francia ch femenino"]
[Site "Chartres FRA"]
[Date "2005.08.25"]
[Round "10.4"]
[White "Leconte, Maria"]
[Black "Muller, Anne"]
[Result "1-0"]
[WhiteElo "2296"]
[BlackElo "2169"]
[PlyCount "59"]
[EventDate "2005.08.15"]
[EventType "tourn"]
[EventRounds "11"]
[EventCountry "FRA"]
[Source "lmi"]
[SourceDate "2005.08.28"]

1. e4 c5 2. Nf3 d6 3. d4 cxd4 4. Nxd4 Nf6 5. Nc3 Nc6 6. Bc4 Qb6 7. Nb3 e6 8.
Bf4 Ne5 9. Be2 Be7 10. g4 h6 11. h4 a6 12. Rg1 Qc7 13. g5 hxg5 14. hxg5 Nfd7
15. Qd4 b6 16. O-O-O Bb7 17. Be3 Rg8 18. f4 Nc6 19. Qd2 O-O-O 20. g6 Rdf8 21.
gxf7 Rxf7 22. f5 Nd8 23. fxe6 Nxe6 24. Nd5 Qd8 25. Bg4 Nef8 26. Bxb6 Qe8 27.
Nc7 Qd8 28. Qc3 Bg5+ 29. Kb1 Qf6 30. Bd4 1-0

[Event "80. Francia ch femenino"]
[Site "Chartres FRA"]
[Date "2005.08.25"]
[Round "10.5"]
[White "Martsynovskaya, Marina"]
[Black "Cochet, Caroline"]
[Result "1-0"]
[WhiteElo "2252"]
[BlackElo "2136"]
[PlyCount "61"]
[EventDate "2005.08.15"]
[EventType "tourn"]
[EventRounds "11"]
[EventCountry "FRA"]
[Source "lmi"]
[SourceDate "2005.08.28"]

1. e4 c5 2. Nf3 d6 3. d4 cxd4 4. Nxd4 Nf6 5. Nc3 Nc6 6. Be2 e6 7. O-O Be7 8. a4
O-O 9. Re1 a6 10. h3 Qc7 11. Nb3 b6 12. f4 Bb7 13. Bf3 Rac8 14. Be3 Rfd8 15.
Qe2 Nd7 16. Rad1 Nc5 17. Qf2 Rd7 18. Nxc5 dxc5 19. Rxd7 Qxd7 20. e5 Nb4 21. Rd1
Qc7 22. Ne4 Bc6 23. b3 Rd8 24. Rxd8+ Qxd8 25. a5 Nd5 26. Bd2 bxa5 27. Nxc5 Qb6
28. Nd3 Qxf2+ 29. Kxf2 a4 30. c4 Nb4 31. Bxb4 1-0

[Event "80. Francia ch femenino"]
[Site "Chartres FRA"]
[Date "2005.08.25"]
[Round "10.6"]
[White "Milliet, Sophie"]
[Black "Skripchenko, Almira"]
[Result "1/2-1/2"]
[WhiteElo "2321"]
[BlackElo "2437"]
[PlyCount "62"]
[EventDate "2005.08.15"]
[EventType "tourn"]
[EventRounds "11"]
[EventCountry "FRA"]
[Source "lmi"]
[SourceDate "2005.08.28"]

1. e4 c5 2. Nf3 e6 3. d4 cxd4 4. Nxd4 Nf6 5. Nc3 Nc6 6. Ndb5 Bb4 7. a3 Bxc3+ 8.
Nxc3 d5 9. exd5 exd5 10. Bd3 O-O 11. O-O d4 12. Ne4 Bf5 13. Bg5 Bxe4 14. Bxe4
h6 15. Bh4 g5 16. Bxc6 bxc6 17. Bg3 Qd5 18. Qd3 Rfe8 19. Rad1 Rad8 20. Rfe1 Ne4
21. f3 Nxg3 22. hxg3 Re6 23. Rxe6 Qxe6 24. b4 Rd5 25. g4 a5 26. Kf1 axb4 27.
axb4 Qd6 28. Qc4 Kg7 29. Rd3 Qf4 30. Rd1 Qd6 31. Rd3 Qf4 1/2-1/2

[Event "80. Francia ch femenino"]
[Site "Chartres FRA"]
[Date "2005.08.26"]
[Round "11.1"]
[White "Skripchenko, Almira"]
[Black "Collas, Silvia"]
[Result "1/2-1/2"]
[WhiteElo "2437"]
[BlackElo "2372"]
[PlyCount "23"]
[EventDate "2005.08.15"]
[EventType "tourn"]
[EventRounds "11"]
[EventCountry "FRA"]
[Source "lmi"]
[SourceDate "2005.08.28"]

1. d4 d5 2. c4 c6 3. Nc3 Nf6 4. cxd5 cxd5 5. Nf3 Nc6 6. Bf4 a6 7. e3 Bg4 8. Be2
Bxf3 9. Bxf3 e6 10. O-O Bd6 11. Bxd6 Qxd6 12. Rc1 1/2-1/2

[Event "80. Francia ch femenino"]
[Site "Chartres FRA"]
[Date "2005.08.26"]
[Round "11.2"]
[White "Cochet, Caroline"]
[Black "Milliet, Sophie"]
[Result "0-1"]
[WhiteElo "2136"]
[BlackElo "2321"]
[PlyCount "40"]
[EventDate "2005.08.15"]
[EventType "tourn"]
[EventRounds "11"]
[EventCountry "FRA"]
[Source "lmi"]
[SourceDate "2005.08.28"]

1. e4 c5 2. Nf3 Nc6 3. Bb5 d6 4. d4 cxd4 5. Qxd4 Bd7 6. Bxc6 Bxc6 7. Nc3 Nf6 8.
Bg5 e6 9. O-O-O Be7 10. Qd3 Qa5 11. h4 h6 12. Bxf6 Bxf6 13. Nd4 O-O 14. Kb1 d5
15. g4 dxe4 16. Nxe4 Bxd4 17. Qxd4 Rad8 18. Qe3 f5 19. Rxd8 Qxd8 20. gxf5 exf5
0-1

[Event "80. Francia ch femenino"]
[Site "Chartres FRA"]
[Date "2005.08.26"]
[Round "11.3"]
[White "Benmesbah, Natacha"]
[Black "Leconte, Maria"]
[Result "0-1"]
[WhiteElo "2127"]
[BlackElo "2296"]
[PlyCount "62"]
[EventDate "2005.08.15"]
[EventType "tourn"]
[EventRounds "11"]
[EventCountry "FRA"]
[Source "lmi"]
[SourceDate "2005.08.28"]

1. e4 e6 2. d4 c5 3. c3 d5 4. exd5 exd5 5. Nf3 Nc6 6. Be3 c4 7. b3 cxb3 8. axb3
Nf6 9. Bd3 Bd6 10. Nbd2 O-O 11. O-O h6 12. Re1 Re8 13. Ra2 Ne4 14. Qc2 f5 15.
Nf1 Be6 16. Bb5 Rc8 17. Qd3 a6 18. Bxc6 Rxc6 19. Rc1 f4 20. Bd2 Bf5 21. Be1 Qc8
22. Qd1 Nxc3 23. Bxc3 Rxc3 24. Rxc3 Qxc3 25. Re2 Rc8 26. Nh4 Bd3 27. Re6 Bb4
28. Rb6 Bxf1 29. Kxf1 Qb2 30. Rxb4 Rc1 31. Qe1 Rxe1+ 0-1

[Event "80. Francia ch femenino"]
[Site "Chartres FRA"]
[Date "2005.08.26"]
[Round "11.5"]
[White "Lallemand, Roza"]
[Black "Fruteau, Sabine"]
[Result "0-1"]
[WhiteElo "2287"]
[BlackElo "2133"]
[PlyCount "96"]
[EventDate "2005.08.15"]
[EventType "tourn"]
[EventRounds "11"]
[EventCountry "FRA"]
[Source "lmi"]
[SourceDate "2005.08.28"]

1. e4 e5 2. Nf3 Nc6 3. Bc4 Bc5 4. d3 Nf6 5. c3 d6 6. Bb3 Bb6 7. h3 Ne7 8. Nbd2
c6 9. Nc4 Bc7 10. Bg5 Ng6 11. Nh4 h6 12. Nxg6 fxg6 13. Be3 Qe7 14. Nd2 g5 15.
Nf1 Be6 16. Bxe6 Qxe6 17. Ng3 g6 18. Qa4 a6 19. c4 O-O 20. b4 b5 21. Qc2 a5 22.
cxb5 axb4 23. b6 Bb8 24. Qxc6 Rxa2 25. Rb1 Rc8 26. Qb5 d5 27. Qxb4 d4 28. Bc1
Nd7 29. O-O Rc6 30. Qe1 Rxb6 31. Rxb6 Qxb6 32. Ne2 Qb3 33. h4 Qxd3 34. Ng3 gxh4
35. Nh1 g5 36. Qb4 Kf7 37. Qb7 Ra7 38. Qc6 Qa6 39. Qd5+ Qe6 40. Qb5 Bd6 41. g3
h3 42. Qe2 Ra2 43. Qh5+ Kg7 44. Re1 Nf6 45. Qd1 Bb4 46. Rf1 Nxe4 47. Qd3 Nf6
48. Qb5 Qd5 0-1

[Event "80. Francia ch femenino"]
[Site "Chartres FRA"]
[Date "2005.08.26"]
[Round "11.6"]
[White "Muller, Anne"]
[Black "Wohlers-Armas, Friederike"]
[Result "0-1"]
[WhiteElo "2169"]
[BlackElo "2153"]
[PlyCount "118"]
[EventDate "2005.08.15"]
[EventType "tourn"]
[EventRounds "11"]
[EventCountry "FRA"]
[Source "lmi"]
[SourceDate "2005.08.28"]

1. e4 g6 2. d4 Bg7 3. Nc3 d6 4. Be3 Nd7 5. f4 a6 6. a4 b6 7. Nf3 e6 8. Bd3 Ne7
9. O-O Bb7 10. Qe1 c5 11. Rd1 Qc7 12. Kh1 h6 13. Qg3 O-O-O 14. Qf2 f5 15. Qe2
fxe4 16. Nxe4 d5 17. Ned2 c4 18. Nxc4 dxc4 19. Bxc4 Nd5 20. Bd2 Rhf8 21. Bxa6
Bxa6 22. Qxa6+ Qb7 23. Qd3 Nxf4 24. Bxf4 Rxf4 25. Qxg6 Nf6 26. Rd3 Kb8 27. h3
Rf8 28. Re1 Qf7 29. Qxf7 Rxf7 30. Rxe6 Nd7 31. Ne5 Nxe5 32. dxe5 Re4 33. Rd5
Kc7 34. b3 Re2 35. c4 Bf8 36. Rg6 h5 37. e6 Rf1+ 38. Kh2 Bd6+ 39. Rxd6 Kxd6 40.
e7+ Kxe7 41. Rxb6 Rff2 42. Rg6 Rb2 43. Rg3 h4 44. Rg4 Rxb3 45. Rxh4 Ra3 46. Rg4
Rxa4 47. h4 Rc2 48. Rg8 Raxc4 49. Kh3 Kf7 50. Rd8 Re2 51. Rd7+ Re7 52. Rd5 Rc3+
53. g3 Kg8 54. Rd2 Kh7 55. h5 Rg7 56. Rg2 Kh6 57. Kh4 Rc1 58. g4 Rh1+ 59. Kg3
Rxh5 0-1